|
|
|
|
| LEADER |
00654nam a2200253 a 4500 |
| 001 |
adlib96000001 |
| 003 |
ViArRB |
| 005 |
20151026132506.0 |
| 008 |
960221s1955 dcuabcdjdbkoqu001 0deng d |
| 020 |
|
|
|
| 022 |
|
|
|
| 040 |
|
|
|a Adlib
|
| 082 |
|
|
|a 954.81
|
| 245 |
|
|
|a Ayirattennuru Antukkumurpatta Tamizhakam
|
| 250 |
|
|
|
| 260 |
|
|
|a Madras
|b Kazhakam
|c 1973
|
| 300 |
|
|
|a 438 p
|
| 500 |
|
|
|a
|
| 100 |
|
|
|a Kanakasabai V
|
| 700 |
|
|
|a APPatturai K
|
| 942 |
|
|
|c BK
|6 _
|
| 653 |
|
|
|a Antukkumurpatta Tamizhakam
|
| 999 |
|
|
|c 49862
|d 49862
|
| 952 |
|
|
|0 0
|1 0
|4 0
|6 95481T_KANA
|7 0
|9 62727
|a UL
|b UL
|d 2010-06-19
|o 954.81=T KAN/A
|p H0005744
|r 2010-06-19
|w 2010-06-19
|y BK
|